000 00962nam a22002777a 4500
001 3043
003 FISKH
005 20260325114457.0
008 240131b cb ||||| |||| 00| 0 eng d
020 _a9781407189314
040 _aFISKH
_beng
_cFISKH
_dFISKH
050 _a823.92
082 _aPZ7
100 _aAdam, Emma
245 _aUnicorn and the rainbow poop
_cby Adams, Emma : illustrated by Halford, Katy
250 _aFirst published in 2018
260 _aLondon :
_bScholastic Children's Books,
_c2018
300 _a24 unnumbered pages :
_bcolor illustrations ;
_c28 cm .
505 _aP
520 _aUnicorn is just like every other unicorn out there. Except for... her rainbow poop! A story about friendship, acceptance and believing in yourself... no matter what.
521 8 _a650
_bLexile
521 8 _aP
_bRaz-Plus
600 _2unicorn
_vJuvenile fiction
700 _aHalford, Katy
_eillustrator
942 _2ddc
_cBK
_n0
999 _c3043
_d3043